000 00249nam a22001217a 4500
003 SGT
082 _bPAN
100 _aPANDEY, I.M.
245 _aFINANCIAL MANAGEMENT
260 _aDELHI
_bVIKASH PUB.
_c2004
300 _a1226
942 _2ddc
_cBK
_02
999 _c21302
_d21302